Stained-Selena Gomez (All Lyrics) - Statistics

General Stats
  • This quiz has been taken 11 times
  • The average score is 247 of 308
Answer Stats
Lyrics % Correct
a
100%
by
100%
(by
100%
By
100%
I
100%
I'm
100%
stained
100%
to
100%
You
100%
you
100%
you)
100%
you,
100%
battle
89%
be
89%
coffee
89%
could
89%
for,
89%
Like
89%
no
89%
one,
89%
one
89%
run
89%
table,
89%
that
89%
the
89%
this
89%
unstable
89%
am
78%
And
78%
and
78%
can't
78%
forget
78%
go
78%
me
78%
Now
78%
now
78%
up
78%
were
78%
would
78%
Yeah,
78%
yeah
78%
believe
67%
better
67%
But
67%
goddamn
67%
just
67%
made
67%
ring
67%
upon
67%
beg
56%
should
56%
soldier
56%
special,
56%
special
56%
(special),
56%
easy
44%
feel
44%
hate
44%
Is
44%
it
44%
It
44%
know
44%
let
44%
love
44%
of
44%
oh-
44%
oh
44%
Oh,
44%
Oh-
44%
Then
44%
your
44%
away
33%
'Cause
33%
had
33%
it's
33%
kind
33%
making
33%
messed
33%
Mm,
33%
myself
33%
only
33%
say
33%
thing
33%
together
33%
tryna
33%
wasn't
33%
way
33%
way,
33%
baby)
22%
bad
22%
makes
22%
pull
22%
take
22%
No matching quizzes found
Score Distribution
Percent of People with Each Score
Percentile by Number Answered
Your Score History
You have not taken this quiz